| 000 | 00412nam a22001457a 4500 | ||
|---|---|---|---|
| 003 | SGT | ||
| 020 | _a9781455739035 | ||
| 082 |
_a617.525 _bS12O |
||
| 100 | _aOrrett E. Ogle | ||
| 245 | _aSurgery of the Nose and Paranasal Sinuses: Principles and Concepts | ||
| 260 |
_aLondon, United Kingdom _bElsevier Health Sciences _c2012 |
||
| 300 | _a155-324 | ||
| 650 | _aOral and Maxillofacial Surgery | ||
| 942 |
_2ddc _cBK |
||
| 999 |
_c18345 _d18345 |
||